Statistics for Οι χώρες με τη μεγαλύτερη ακτογραμμή

Click here to take the quiz!

General Stats

  • This quiz has been taken 215 times
  • The average score is 15 of 19

Answer Stats

Ακτογραμμή (χλμ.)Answer% Correct
37.653Ρωσία
96%
25.760Αυστραλία
96%
19.924ΗΠΑ
96%
13.676Ελλάδα
96%
202.080Καναδάς
94%
7.491Βραζιλία
93%
29.751Ιαπωνία
89%
58.133Νορβηγία
88%
14.500Κίνα
88%
7.500Ινδία
87%
7.600Ιταλία
85%
9.330Μεξικό
81%
7.200Τουρκία
75%
12.429Ηνωμένο Βασίλειο
75%
54.720Ινδονησία
75%
15.134Νέα Ζηλανδία
67%
51.401Δανία (+ Γροιλανδία)
61%
36.289Φιλιππίνες
58%
7.368Κροατία
33%

Score Distribution

Percentile by Number Answered

Percent of People with Each Score

Your Score History

You have not taken this quiz